Revolucin̤ en las finanzas

Detalles Bibliográficos
Autor principal: Torrero Maąs, Antonio
Formato: eBook
Lenguaje:español
Publicado: Madrid: Marcial Pons, 2008
Materias:
Acceso en línea:Acceso restringido

MARC

LEADER 00000nam a22000007a 4500
005 20200520160811.0
007 cr|||| ||||
008 200520s2008 es |||||s|||| 00||0 spa d
020 |a 978-84-9123-663-4 
035 |a 31292 
040 |a vLex 
090 |c 10359  |d 10359 
100 1 |a Torrero Maąs, Antonio 
245 1 0 |a Revolucin̤ en las finanzas  |h [Recurso electrn̤ico] /  |c Antonio Torrero Maąs 
256 |a Servicio en ln̕ea 
260 |a Madrid:  |b Marcial Pons,  |c 2008 
300 |a 1 recurso electrn̤ico 
506 1 |a Disponible solo en los productos indicados  |d vLex Global  |d vLex Global (Academic Edition, excluding Law Schools)  |d vLex Global (U.S. Academic Edition, Law Schools)  |d vLex Global (U.S. Academic Edition, excluding Law Schools)  |d vLex Global (Academic Edition, Law Schools) 
650 0 4 |a Derecho Fiscal  |z Espaą 
740 0 |a vLex Libros (Servicio en ln̕ea) 
856 4 0 |u http://vlex.com/source/revolucion-finanzas-31292  |z Acceso restringido 
942 |c BOOK 
999 0 |a Tax Law